| 000 | 01304nam a2200229Ii 4500 | ||
|---|---|---|---|
| 003 | JO-AjNU | ||
| 008 | 230605s9999||||xx |||||||||||||| ||und|| | ||
| 017 | _a2012/7/2736 | ||
| 040 |
_aJO-AjNU _bara _erda _cJO-AjNU |
||
| 041 | _aara | ||
| 050 | 1 | 4 | _aTH420.J67.2013 |
| 100 | 3 |
_aإعداد انتصار البطاينة؛ جمال قطيشات وآخرون, _eauthor _951727 |
|
| 245 | 0 | 0 | _aمجلس البناء الوطني الأردني، وزارة الأشغال العامة والإسكان: كودة خزانات المياه الخرسانة (متطلبات وشروط تصميم خزانات المياة المشيدة من الخرسانة المسلحة أوالسابقة الإجهاد) |
| 250 | _aط1 | ||
| 264 | 3 | 1 | _aعمان: الجمعية العلمية الملكية،مجلس البناء الوطني الأردني، 2013 |
| 300 |
_aم1، متعدد الترقيم _bيشتمل على المراجع والمصادرالببلوغرافية |
||
| 336 |
_atext _btxt _2rdacontent |
||
| 337 |
_aunmediated _bn _2rdamedia |
||
| 338 |
_avolume _bnc _2rdacarrier |
||
| 490 | 0 | _aكودات البناء الوطني الأردني | |
| 650 | 4 |
_aالمباني -- مواصفات معيارية -- الأردن -- الخرسان المسلح -- خزانات المياه _951728 |
|
| 999 |
_aA22872 _c26440 _d26440 |
||